00293nam a2200121Ia 4500008004100000082001500041100002200056245004500078250000900123260002300132300000800155650000800163191201s2008 xx 000 0 und d a519.5bMOI aMOOD, M Alexander 0aIntroduction to the Theory of Statistics aRep. aN.DelhibTMHc2008 a560 aMCA